000 00988nas a22002297a 4500
999 _c121161
_d121161
001 K121161
007 ta
008 191105b2019 ||||| |||| 00| 0 eng d
041 _aeng
100 _aCondie, Alexis
245 _aFundamental differences remain
260 _c2019
490 _aEstates Gazette
_v(1945) 9 November 2019, 52-540(3)
520 _aSecond in a series of four articles looking at the differences between England and Scottish law in relation to commercial leasing Highlights differences in granting of leases, registration, taxation, repairs, maintenance and physical alternations of premises. Looks at assignment of leases, forfeiture and security of tenure.Table lists differences in terminology used. For Part 1 see K121151, Part 3 K121164 and Part 4 K121165..
650 _aAssignment
650 _aForfeiture
650 _aTaxation
651 _aEngland and Wales
651 _aScotland
690 _96252
_aLandlord and tenant
700 _aDunn, Rachel